LEADER 01230nam0 2200265 450 001 000027140 005 20110615131648.0 100 $a20100304d1983----km-y0itay50------ba 101 0 $afre$aeng 102 $aMC 105 $ay-------001yy 200 1 $aJournee d'etudes sur les aspects scientifiques concernant les recifs artificiels et la mariculture suspendue :$eCannes, 7 decembre 1982$fCommission internationale pour l'exploration scientifique de la Mer Mediterranee 210 $aPrincipauté de Monaco$cSecretariat general de la Commission$d1977 215 $a128 p.$d28 cm 410 0$12001 500 10$aJournee d'etudes sur les aspects scientifiques concernant les recifs artificiels et la mariculture suspendue : Cannes, 7 decembre 1982$942823 610 1 $aAmbiente 610 1 $aMare Mediterraneo 676 $a574$v20 710 02$aCommission internationale pour l'exploration scientifique de la Mer Mediterranee$0633768 801 0$aIT$bUNIPARTHENOPE$gRICA$2UNIMARC 912 $a000027140 951 $aArmadio N-I° mensola$cDISAM$d2010 996 $aJournee d'etudes sur les aspects scientifiques concernant les recifs artificiels et la mariculture suspendue : Cannes, 7 decembre 1982$942823 997 $aUNIPARTHENOPE LEADER 00795nam0-22002771i-450- 001 990004351040403321 005 20050412093206.0 035 $a000435104 035 $aFED01000435104 035 $a(Aleph)000435104FED01 035 $a000435104 100 $a19990604d1976----km-y0itay50------ba 101 0 $aeng 105 $ay-------001yy 200 1 $a<>general strike$ethe politics of industrial conflict$fG. A. Phillips 210 $aLondon$cWeidenfeld and Nicolson$d1976. 215 $aXII, 388 p.$d23 cm 676 $a331.892$v21$zita 700 1$aPhillips,$bG. A.$0123353 801 0$aIT$bUNINA$gRICA$2UNIMARC 901 $aBK 912 $a990004351040403321 952 $a331.89 PHI 1$bI.st.r.c.2009$fFLFBC 959 $aFLFBC 996 $aGeneral strike$9486230 997 $aUNINA